000 00352nam a2200145Ia 4500
008 150301s2015 xx 000 0 und d
082 _a615
_bL15H
100 _aHARVECY, R.A
245 _aLIPPINCOTT ILCUSTRATED REVIEWS OF PHARMACOLOGY
250 _a6TH
260 _bWOLTER KLUMER
300 _a670
650 _aPHARMACEUTICS
942 _2ddc
_cBK
_018
999 _c7292
_d7292